000 00809nam a2200229Ia 4500
003 BUBTL
008 151213s9999 xx 000 0 und d
041 _aবাংলা
082 _a345.05/ R1293m/ 2006
100 _aরহমান, গাজী শামছুর
_95292
245 _aফেীজদারী কার্যবিধির ভাষ্য/
_cগাজী শামছুর রহমান।
250 _a৭ম সং
260 _aঢাকা
_bখোশরোজ কিতাব মহল।
_cc2006
300 _a[160],1162p. :
_bill. ; 21 cm.
526 _aLaw
650 _aLaw
650 _a
700 _aগাজী শামছুর রহমান।
_94214
856 _k0
_l0
_yDownload
942 _2ddc
_cBK
999 _c2508
_d2508